Thiết kế - chế tạo thiết bị xử lý nước ngầm ô nhiễm sắt và mangan : Báo cáo tổng kết đề tài khoa học và công nghệ cấp Trường
Nội dung đề tài nghiên cứu chế tạo cột lọc xử lý sắt và mângn trong nước ngầm gọn nhẹ với giá cả hợp lý, phù hợp với túi tiền của hộ gia đình.
Na minha lista:
| Autor principal: | |
|---|---|
| Formato: | Livro |
| Idioma: | Undetermined |
| Publicado em: |
Cần Thơ
Trường Đại học Cần Thơ
2005
|
| Assuntos: | |
| Tags: |
Adicionar Tag
Sem tags, seja o primeiro a adicionar uma tag!
|
| Thư viện lưu trữ: | Trung tâm Học liệu Trường Đại học Cần Thơ |
|---|
| LEADER | 01150nam a2200229Ia 4500 | ||
|---|---|---|---|
| 001 | CTU_204685 | ||
| 008 | 210402s9999 xx 000 0 und d | ||
| 082 | |a 628.11 | ||
| 082 | |b Ng121 | ||
| 088 | |a T004-43 | ||
| 100 | |a Nguyễn, Võ Châu Ngân | ||
| 245 | 0 | |a Thiết kế - chế tạo thiết bị xử lý nước ngầm ô nhiễm sắt và mangan : | |
| 245 | 0 | |b Báo cáo tổng kết đề tài khoa học và công nghệ cấp Trường | |
| 245 | 0 | |c Nguyễn Võ Châu Ngân (Chủ nhiệm đề tài) ; Nguyễn Xuân Hoàng (tham gia thực hiện) | |
| 260 | |a Cần Thơ | ||
| 260 | |b Trường Đại học Cần Thơ | ||
| 260 | |c 2005 | ||
| 520 | |a Nội dung đề tài nghiên cứu chế tạo cột lọc xử lý sắt và mângn trong nước ngầm gọn nhẹ với giá cả hợp lý, phù hợp với túi tiền của hộ gia đình. | ||
| 650 | |a Water,Nguồn nước | ||
| 650 | |x Analysis,Phân tích | ||
| 904 | |i Tuyến | ||
| 980 | |a Trung tâm Học liệu Trường Đại học Cần Thơ | ||